| 000 | 00410cam a22001217a 4500 | ||
|---|---|---|---|
| 008 | 180718b-- xxu||||| |||| 00| 0 eng d | ||
| 082 | _aB71103x5441 A | ||
| 100 | _aGujarat. Legislative and Parliamentary Affairs Department | ||
| 245 | _aGujarat panchayats act | ||
| 260 |
_aAhmedabad _bThe author _c-- |
||
| 500 | _aLibrary has 1962-1963, 1968, 1986, 1993, 1996 | ||
| 650 | _aPanchayat legislation - India - Gujarat | ||
| 999 |
_c488558 _d488558 |
||